000 00198 a2200097 4500
001 3580
100 _aKoestter, A
245 _aSleepwalkers, the
260 _a
_bHutchinson
_c
090 _c2844
_d2844
942 _aNUST-CAE
_cM
_c20491
999 _c238653
_d238653